All World Heavyweight Champions - Statistics

General Stats
  • This quiz has been taken 17 times
  • The average score is 18 of 25
Answer Stats
Year # Answer % Correct
2013 3 John Cena
100%
2008 4 Batista
93%
2012 2 Big Show
93%
2011 7 Edge
93%
2005 5 Triple H
93%
2011 1 Daniel Bryan
87%
2013 4 Randy Orton
87%
2010 2 Rey Mysterio
87%
2002 1 Shawn Michaels
87%
2009 3 The Undertaker
87%
2009 3 CM Punk
80%
2009 2 Jeff Hardy
80%
2010 1 Kane
80%
2010 3 Chris Jericho
73%
2012 1 Sheamus
73%
2011 2 Christian
67%
2011 1 Mark Henry
67%
2013 2 Alberto Del Rio
60%
2004 1 Chris Benoit
60%
2006 1 King Booker
53%
2003 1 Goldberg
47%
2006 1 Kurt Angle
47%
2013 2 Dolph Ziggler
40%
2010 1 Jack Swagger
40%
2007 1 The Great Khali
40%
No matching quizzes found
Score Distribution
Percent of People with Each Score
Percentile by Number Answered
Your Score History
You have not taken this quiz